000 01431nas a2200277Ia 4500
001 R262-R5979
003 IT-CnALBA
008 170116c99999999xx |||||||||||| ||und||
040 _aIT-CnALBA
_cIT-CnALBA
041 _aITALIANO
100 _aBOYER CAROLUS, SJ.
210 _aUNITAS INTERNATIONAL REVIEW OF ECUMENISM
222 _aUNITAS INTERNATIONAL REVIEW OF ECUMENISM
245 0 _aUNITAS. EDIZIONE ITALIANA. GENNAIO-MARZO 1963.
250 _a1a ed.
260 _a ROME
_bUNITAS ASSOCIATION
_c1963 [1° Ed.:1963 - Ed.Ling.Originale: 1963]
300 _a80 p.
310 _aTRIMESTRALE
362 _aFascicolo: 1 / Anno: 18 (1963)
500 _aCENTENARIO DI SAN MASSIMO CONFESSORE, GRUMEL V.. VOLKEN L.. LA CHIESA E LA BIBBIA NEL PROTESTANTESIMO FRANCESE. BOLAND E. ELOGIO DEL CARDINALE POLE. L'UNITÀ E I SUOI RAGGI. DICHIARAZIONE ALLA STAMPA DEL PROFESSORE O. CULLMANN. LE ICONE MARIANE MIRACOLOSE. NOTIZIARIO. BIBLIOGRAFIA.
501 _aSocietà San Paolo EM - Piazza San Paolo, 14 - 12051 ALBA (CN) (non commercial uses only) ® Copyright 2017
520 _aCENTENARIO DI SAN MASSIMO CONFESSORE, GRUMEL V.. VOLKEN L.. LA CHIESA E LA BIBBIA NEL PROTESTANTESIMO FRANCESE. BOLAND E. ELOGIO DEL CARDINALE POLE. L'UNITÀ E I SUOI RAGGI. DICHIARAZIONE ALLA STAMPA DEL PROFESSORE O. CULLMANN. LE ICONE MARIANE MIRACOLOSE. NOTIZIARIO. BIBLIOGRAFIA.
650 _aECCLESIOLOGIA
942 _cCR
957 _71
999 _a53900
_bNO
_g1
_c324519
_d324519